Applied Social Psychology (Record no. 26677)

MARC details
000 -LEADER
fixed length control field 00318nam a22001457a 4500
003 - CONTROL NUMBER IDENTIFIER
control field SGT
020 ## - INTERNATIONAL STANDARD BOOK NUMBER
International Standard Book Number 9789354791826
082 ## - DEWEY DECIMAL CLASSIFICATION NUMBER
Classification number 302.GRU
100 ## - MAIN ENTRY--PERSONAL NAME
Personal name Gruman, Jamie A.
245 ## - TITLE STATEMENT
Title Applied Social Psychology
260 ## - PUBLICATION, DISTRIBUTION, ETC. (IMPRINT)
Place of publication, distribution, etc NEW DELHI
Name of publisher, distributor, etc SAGE PUB.
Year of Publication 2024
300 ## - PAGE DESCRIPTION
No. of Pages 508
650 ## - SUBJECT ADDED ENTRY--TOPICAL TERM
Topical term or geographic name as entry element PSYCHOLOGY
942 ## - ADDED ENTRY ELEMENTS (KOHA)
Source of classification or shelving scheme Dewey Decimal Classification
Koha item type Books
942 ## - ADDED ENTRY ELEMENTS (KOHA)
-- 2
Holdings
Withdrawn status Lost status Source of classification or shelving scheme Damaged status Use restrictions Not for loan Collection code Home library Current library Shelving location Date acquired Vendor Name Cost, normal purchase price SGTU Bill Number Full call number Accession No. (Barcode) Date last seen Bill Date Koha item type Total Checkouts Date last borrowed
    Dewey Decimal Classification   Restricted Access Not For Loan ENGINEERING SGT Engineering Library SGT Engineering Library Reference Book 15/07/2024 ABC PUBLISHERS & DISTRIBUTORS PVT. LTD. 995.00 SGTU IN39 302.GRU FE9088 10/03/2025 26/06/2024 Books    
    Dewey Decimal Classification       ENGINEERING SGT Engineering Library SGT Engineering Library Text Book 15/07/2024 ABC PUBLISHERS & DISTRIBUTORS PVT. LTD. 995.00 SGTU IN39 302.GRU FE9089 15/07/2024 26/06/2024 Books    
    Dewey Decimal Classification       ENGINEERING SGT Engineering Library SGT Engineering Library Text Book 15/07/2024 ABC PUBLISHERS & DISTRIBUTORS PVT. LTD. 995.00 SGTU IN39 302.GRU FE9090 04/11/2024 26/06/2024 Books 2 15/10/2024
    Dewey Decimal Classification       ENGINEERING SGT Engineering Library SGT Engineering Library Text Book 15/07/2024 ABC PUBLISHERS & DISTRIBUTORS PVT. LTD. 995.00 SGTU IN39 302.GRU FE9091 15/07/2024 26/06/2024 Books    
    Dewey Decimal Classification       ENGINEERING SGT Engineering Library SGT Engineering Library Text Book 15/07/2024 ABC PUBLISHERS & DISTRIBUTORS PVT. LTD. 995.00 SGTU IN39 302.GRU FE9092 24/02/2026 26/06/2024 Books 2 06/02/2026